| 000 -ლიდერი |
| ფიქსირებული სიგრძის საკონტროლო ველი |
02278nam a22003017a 4500 |
| 003 - საკონტროლო ნომრის იდენტიფიკატორი |
| საკონტროლო ველი |
Ge_BSU |
| 005 - ბოლო ოპერაციის თარიღი და დრო |
| საკონტროლო ველი |
20230619163938.0 |
| 008 - ფიქსირებული სიგრძის მონაცემთა ელემენტები - ზოგადი ინფორმაცია |
| ფიქსირებული სიგრძის საკონტროლო ველი |
230619s2018 ge ||||| |||| 00| 0 geo d |
| 020 ## - წიგნის საერთაშორისო სტანდარტული ნომერი |
| International Standard Book Number |
9789941279591 |
| 041 ## - ენის კოდი |
| Language code of text/sound track or separate title |
geo |
| 080 ## - უნივერსალური ათობითი კლასიფიკაციის ინდექსი |
| Universal Decimal Classification number |
903.22(479.22) ი-25 |
| 245 ## - ცნობა სათაურის შესახებ |
| Title |
იარაღ-საჭურველი ძვ.წ. V - ახ.წ. IV საუკუნეების საქართველოში = Weapons and Armour in Georgia (5th century BC - 4 th century AD) : |
| Remainder of title |
წ. 1. / |
| Statement of responsibility, etc |
გელა გამყრელიძე, ვახტანგ შატბერაშვილი, მარინე ფირცხალავა, მაია ჩარკვიანი ; საქ. ეროვნული მუზეუმი, ოთარ ლორთქიფანიძის სახ. არქეოლოგიური კვლევის ინ-ტი. |
| 264 ## - წარმოების, გამოცემის, დისტრიბუციის და სხვა ცნობები |
| გამოცემის, წარმოების, დისტრიბუციის... ადგილი |
თბილისი, |
| გამოცემის, წარმოების, დისტრიბუციის... თარიღი |
2018. |
| 300 ## - ფიზიკური აღწერა |
| Extent |
295 გვ. ; |
| Other physical details |
25 სმ. |
| 504 ## - BIBLIOGRAPHY, ETC. NOTE |
| Bibliography, etc |
ბიბლიოგრ.: 149-167, 236-241. |
| 653 ## - INDEX TERM--UNCONTROLLED |
| Uncontrolled term |
საქართველოს არქეოლოგია |
| 653 ## - INDEX TERM--UNCONTROLLED |
| Uncontrolled term |
ანტიკური ხანის იარაღ-საჭურველი საქართველოში |
| 700 ## - ADDED ENTRY--PERSONAL NAME |
| Personal name |
გამყრელიძე, გელა |
| Relator term |
ავტორი |
| 9 (RLIN) |
12777 |
| 700 ## - ADDED ENTRY--PERSONAL NAME |
| Personal name |
შატბერაშვილი, ვახტანგ |
| Relator term |
ავტორი |
| 9 (RLIN) |
18807 |
| 700 ## - ADDED ENTRY--PERSONAL NAME |
| Personal name |
ფირცხალავა, მარინე |
| Relator term |
ავტორი |
| 9 (RLIN) |
18808 |
| 700 ## - ADDED ENTRY--PERSONAL NAME |
| Personal name |
ჩარკვიანი, მაია |
| Relator term |
ავტორი |
| 9 (RLIN) |
18809 |
| 700 ## - ADDED ENTRY--PERSONAL NAME |
| Personal name |
ჯაფარიძე, ნინო |
| Relator term |
მთარგმნელი. |
| 9 (RLIN) |
13869 |
| 700 ## - ADDED ENTRY--PERSONAL NAME |
| Personal name |
ბერიძე, რუსუდან, |
| Relator term |
გრაფ. ტაბულები |
| 9 (RLIN) |
2272 |
| 700 ## - ADDED ENTRY--PERSONAL NAME |
| Personal name |
კაკაბაძე, გიორგი |
| Relator term |
ფოტოები. |
| 9 (RLIN) |
15368 |
| 700 ## - ADDED ENTRY--PERSONAL NAME |
| Personal name |
შატბერაშვილი, ნინო |
| Relator term |
ყდის დიზაინერი |
| 9 (RLIN) |
18810 |
| 710 ## - ADDED ENTRY--CORPORATE NAME |
| Corporate name or jurisdiction name as entry element |
საქ. ეროვნული მუზეუმი. ოთარ ლორთქიფანიძის სახ. |
| Subordinate unit |
არქეოლოგიური კვლევის ინ-ტი. |
| 9 (RLIN) |
18811 |
| 942 ## - ADDED ENTRY ELEMENTS (KOHA) |
| Source of classification or shelving scheme |
|
| Koha item type |
წიგნი |